000 00875nam a2200289 a 4500
001 58838
003 BD-RjUL
005 20211209080649.0
008 191220s2003 enk b 001 0ceng
020 _a0415369770
020 _a0415369789 (pbk.)
035 _a(BD-RjUL)58962
040 _aDLC
_cDLC
_dBD-RjUL
_beng
041 _aeng
082 0 0 _a658.00922
_223
_bWIF 2003
100 1 _aWitzel, Morgen.
_9174940
245 1 0 _aFifty key figures in management /
_cMorgen Witzel.
260 _aLondon ;
_aNew York :
_bRoutledge,
_c2003.
300 _axv, 319 p. ;c 23 cm.
504 _aIncludes bibliographical references and index.
650 0 _aManagement.
_9172842
650 0 _aExecutives
_vBiography.
_9174941
650 0 _aIndustrialists
_vBiography.
_9174942
650 0 _aManagement
_xStudy and teaching.
_9174943
942 _2ddc
_cBK
999 _c58838
_d58838